000 00569nam a2200217 a 4500
999 _c4902
_d4902
001 4902
003 BD-JhCC
005 20171205132130.0
008 171205s1961 u |||| || | 000 0 eng d
035 _a(BD-JhCC)4902
040 _aBD-JhCC
_dBD-JhCC
041 _aeng
082 _a808
_bCHI 1961
100 _aChittick, Roger D.
245 _aRhetoric for Exposition /
_cRoger D. Chittick,
260 _aNew York :
_bAppleton-Century-Crofts, Inc.
_c1961
300 _a208 p. :
_c21 cm.
650 _aEnglish Language
_xRhetoric
942 _2ddc
_cBK